Аналитическое исследование влияния конструктивных параметров оптико-электронного тракта тепловизионного прибора на его характеристики; Измерительная техника; № 2

Bibliografske podrobnosti
Parent link:Измерительная техника=Measurement Techniques: научно-технический журнал/ Российская Федерация, Федеральное агентство по техническому регулированию и метрологии (Ростехрегулирование) (Госстандарт России).— , 1940-1941, 1955-.— 0368-1025
№ 2.— 2003.— С. 17-20
Glavni avtor: Крутиков В. Н.
Jezik:ruščina
Izdano: 2003
Serija:Оптико-физические измерения
Teme:
Format: MixedMaterials Book Chapter
KOHA link:https://koha.lib.tpu.ru/cgi-bin/koha/opac-detail.pl?biblionumber=385595

MARC

LEADER 00000naa2a2200000 4500
001 385595
005 20231101063400.0
035 |a (RuTPU)RU\TPU\prd\13502 
090 |a 385595 
100 |a 20030512a2003 k y0rusy50 ca 
101 0 |a rus 
102 |a RU 
200 1 |a Аналитическое исследование влияния конструктивных параметров оптико-электронного тракта тепловизионного прибора на его характеристики  |f В. Н. Крутиков 
225 1 |a Оптико-физические измерения 
320 |a Библиогр.: 9 назв. 
461 1 |0 (RuTPU)RU\TPU\prd\1509  |x 0368-1025  |t Измерительная техника  |l Measurement Techniques  |o научно-технический журнал  |f Российская Федерация, Федеральное агентство по техническому регулированию и метрологии (Ростехрегулирование) (Госстандарт России)  |d 1940-1941, 1955- 
463 1 |0 (RuTPU)RU\TPU\prd\13362  |t № 2  |v С. 17-20  |d 2003 
610 1 |a оптико-электронный тракт 
610 1 |a тепловизионные приборы 
610 1 |a гибридный преобразователь изображения 
675 |a 621.035:535.24  |v 3 
700 1 |a Крутиков  |b В. Н. 
801 1 |a RU  |b 63413507  |c 20030512  |g PSBO 
801 2 |a RU  |b 63413507  |c 20121217  |g RCR 
942 |c BK